Sermon que predico en la beatificacion de la santa madre Teresa de Iesus, fundadora del Carmen Descalço, el padre Geronymo de Florencia religioso de la Compañia de Iesus, y predicador de su magestad, en el Convento de S. Hermenegildo de los padres Carmelitas Descalços. En Madrid, año de 1614.

Detalles Bibliográficos
Autor principal: Jerónimo de Florencia
Formato: Libro
Lenguaje:Undetermined
Spanish
Publicado: Madrid : s.n., 1614.
Materias:
Colección:Banco de datos
Acervo:Biblioteca Palafoxiana. Colección bibliográfica
Descripción Física:22 h. ; 4°
Tema general:Homilética
Notas:Número de localización: 15703-T
LEADER 00791nam a2200181Ia 4500
008 150723s9999 xx 000 0 und d
041 0 |a spa 
050 0 |a PAFX BV4207 C3 
100 1 |a Jerónimo de Florencia 
245 1 0 |a Sermon que predico en la beatificacion de la santa madre Teresa de Iesus, fundadora del Carmen Descalço, el padre Geronymo de Florencia religioso de la Compañia de Iesus, y predicador de su magestad, en el Convento de S. Hermenegildo de los padres Carmelitas Descalços. En Madrid, año de 1614. 
260 |a Madrid : s.n., 1614. 
300 |a 22 h. ; 4° 
500 |a Número de localización: 15703-T 
501 |a Encuadernado con 20 obras 
650 1 0 |a Homilética 
942 |c PALALIB 
943 |g Biblioteca Palafoxiana. Colección bibliográfica 
999 |c 1053688  |d 1053688